| 000 | 00819nam a2200241Ia 4500 | ||
|---|---|---|---|
| 008 | 130821s1994 sp gr spa | ||
| 020 | _a8472230996 | ||
| 040 |
_aCo-BoUCM _bspa |
||
| 041 | 0 | 0 | _aspa |
| 100 | 1 |
_aKundera, Milan _d1929 - _931541 |
|
| 245 | 1 | 3 |
_aEl arte de la novela _cMilan Kundera; traducción de Fernando de Valenzuela y María Victoria Villaverde |
| 250 | _a2a. ed. | ||
| 260 |
_aBarcelona (España) _bTusquets _c1994 |
||
| 300 | _a181 páginas | ||
| 490 |
_aMarginales _v99 |
||
| 650 | 0 | 4 |
_aLiteratura checa _918623 |
| 650 | 0 | 4 |
_aLiteratura europea _926524 |
| 650 | 0 | 4 |
_aNovela checa _920479 |
| 700 | 1 |
_aValenzuela, Fernando de _etrad. _9161202 |
|
| 700 | 1 |
_aVillaverde, María Victoria _etrad. _9161203 |
|
| 942 |
_cLIBRO _a18 _e2 _mK962a _2DEWEY _h891.86 |
||
| 999 |
_c42258 _d42258 |
||